UBT Library

Philosophy and choice : (Record no. 506)

000 -LEADER
fixed length control field 00530nam a22001817a 4500
005 - DATE AND TIME OF LATEST TRANSACTION
control field 20140731101438.0
008 - FIXED-LENGTH DATA ELEMENTS--GENERAL INFORMATION
fixed length control field 980519s1999 cau 000 0 eng
020 ## - INTERNATIONAL STANDARD BOOK NUMBER
International Standard Book Number 1559349646
024 #0 - OTHER STANDARD IDENTIFIER
Terms of availability eng
080 ## - UNIVERSAL DECIMAL CLASSIFICATION NUMBER
Universal Decimal Classification number 101
245 00 - TITLE STATEMENT
Title Philosophy and choice :
Statement of responsibility, etc [edited by] Kit R. Christensen.
250 ## -
-- 1 st.ed.;
260 ## -
-- Mountain View, Calif. :
-- Mayfield Pub.,
-- 1999.
300 ## -
-- 621 f. ;
-- 23 cm.
650 #0 -
-- Filozofia
700 1# -
-- Christensen, Kit Richard.
942 ## - ADDED ENTRY ELEMENTS (KOHA)
Source of classification or shelving scheme
Item type Books
Holdings
Withdrawn status Lost status Source of classification or shelving scheme Damaged status Not for loan Collection code Permanent location Current location Shelving location Date acquired Total Checkouts Full call number Barcode Date last seen Koha item type
          Koleksioni i përgjithshem UBT - Ferizaj UBT - Ferizaj Koleksioni i përgjithshem 07/31/2014   101 CHR 003000764 07/31/2014 Books
          Koleksioni i përgjithshem UBT - Ferizaj UBT - Ferizaj Koleksioni i përgjithshem 07/31/2014   101 CHR 003000765 07/31/2014 Books
          Koleksioni i përgjithshem UBT - Ferizaj UBT - Ferizaj Koleksioni i përgjithshem 07/31/2014   101 CHR 003000766 07/31/2014 Books
          Koleksioni i përgjithshem UBT - Ferizaj UBT - Ferizaj Koleksioni i përgjithshem 07/31/2014   101 CHR 003000767 07/31/2014 Books
          Koleksioni i përgjithshem UBT - Ferizaj UBT - Ferizaj Koleksioni i përgjithshem 07/31/2014   101 CHR 003000768 07/31/2014 Books
          Koleksioni i përgjithshem UBT - Ferizaj UBT - Ferizaj Koleksioni i përgjithshem 07/31/2014   101 CHR 003000769 07/31/2014 Books
          Koleksioni i përgjithshem UBT - Ferizaj UBT - Ferizaj Koleksioni i përgjithshem 07/31/2014   101 CHR 003000770 07/31/2014 Books
          Koleksioni i përgjithshem UBT - Ferizaj UBT - Ferizaj Koleksioni i përgjithshem 07/31/2014   101 CHR 003000771 07/31/2014 Books
          Koleksioni i përgjithshem UBT - Ferizaj UBT - Ferizaj Koleksioni i përgjithshem 07/31/2014   101 CHR 003000772 07/31/2014 Books
          Koleksioni i përgjithshem UBT - Ferizaj UBT - Ferizaj Koleksioni i përgjithshem 07/31/2014   101 CHR 003000773 07/31/2014 Books
UBT Library © 2015-2024. All rights reserved University Education for Business and Technology